| 000 | 00854nam a2200253 i 4500 | ||
|---|---|---|---|
| 001 | 134162 | ||
| 003 | ES-MaACL | ||
| 005 | 20240522131921.0 | ||
| 007 | t| | ||
| 008 | 070214s1967 sp |||| | spa d | ||
| 080 | _a821.134.2.09"18" | ||
| 100 | 1 |
_aPeers, E. Allison. _989958 |
|
| 245 | 1 | 0 |
_aHistoria del movimiento romántico español / _cE. Allison Peers ; versión española de José Mª Gimeno. |
| 250 | _a2ª ed. | ||
| 260 |
_aMadrid : _bGredos, _c1967. |
||
| 300 |
_a2 v. ; _c20 cm. |
||
| 490 | 1 |
_aBiblioteca románica hispánica. _aTratados y monografías ; _v4 |
|
| 650 | 4 |
_aRomanticismo (Literatura)- _zEspaña. _9151161 |
|
| 700 | 1 |
_aGimeno, José María. _957081 |
|
| 830 | 1 |
_aBiblioteca románica hispánica. I. Tratados y monografías ; _v4 _9184467 |
|
| 852 | 4 |
_aES-MaACL _jG-9593-94 |
|
| 942 | _2udc | ||
| 999 |
_c134162 _d134162 |
||